Study on adaptability of tomato varieties for heat tolerance in dry season, (ការសិក្សាពីភាពបន្សាំរបស់ពូជដំណាំប៉េងប៉ោះ ដែលធន់និង​កំដៅក្នុងរដូវប្រំាង) (Record no. 2843)

000 -LEADER
fixed length control field 00645nam a22001577a 4500
003 - CONTROL NUMBER IDENTIFIER
control field OSt
005 - DATE AND TIME OF LATEST TRANSACTION
control field 20151028162232.0
008 - FIXED-LENGTH DATA ELEMENTS--GENERAL INFORMATION
fixed length control field 151028b xxu||||| |||| 00| 0 eng d
040 ## - CATALOGING SOURCE
Transcribing agency RUA
082 ## - DEWEY DECIMAL CLASSIFICATION NUMBER
Classification number AGR SOE 2004 B033 Or.1
100 ## - MAIN ENTRY--PERSONAL NAME
9 (RLIN) 3049
Personal name SOEU TEVY
245 ## - TITLE STATEMENT
Title Study on adaptability of tomato varieties for heat tolerance in dry season, (ការសិក្សាពីភាពបន្សាំរបស់ពូជដំណាំប៉េងប៉ោះ ដែលធន់និង​កំដៅក្នុងរដូវប្រំាង)
260 ## - PUBLICATION, DISTRIBUTION, ETC. (IMPRINT)
Place of publication, distribution, etc. Phnom Penh
Name of publisher, distributor, etc. RUA
Date of publication, distribution, etc. 2004
300 ## - PHYSICAL DESCRIPTION
Extent 46p.
Other physical details ill.
Dimensions 29cm.
942 ## - ADDED ENTRY ELEMENTS (KOHA)
Source of classification or shelving scheme
Koha item type AGR
Holdings
Price effective from Date last seen Permanent Location Not for loan Date acquired Source of classification or shelving scheme Koha item type Lost status Withdrawn status Date last checked out Total Checkouts Shelving location Damaged status Barcode Current Location Full call number
2015-10-282023-06-07Library Block B 2015-10-28 AGR  2023-05-242B033 RUA012230Library Block BAGR SOE 2004 B033 Or.1
2015-10-302018-12-19Library Block B 2015-10-30 AGR  2018-11-141B033 RUA001672Library Block BAGR SOE 2004 B033 Or.2
2015-10-302015-10-30Library Block B 2015-10-30 AGR    B033 RUA012253Library Block BAGR SOE 2004 B033 Or.3
2015-11-062024-06-25Library Block B 2015-11-06 AGR  2024-06-054  RUA035203Library Block BAGR SOE 2004 B033 Or.4
មជ្ឈមណ្ឌលឯការនៃសាកលវិទ្យាល័យភូមិន្ទកសិកម្មចំការដូង

Powered by Koha